|
|
|
|
| LEADER |
01285cam a2200289 a 4500 |
| 001 |
c000261468 |
| 003 |
CARM |
| 005 |
20070528115842.0 |
| 008 |
920716s1991 mdu b f000 0 eng |
| 019 |
1 |
|
|a 9202950
|5 LACONCORD2021
|
| 035 |
|
|
|a (OCoLC)26853314
|5 LACONCORD2021
|
| 040 |
|
|
|a LC
|b eng
|c LC
|d LC
|
| 050 |
0 |
0 |
|a QC100
|b .U57 no. 500-201
|a QA76.758
|
| 082 |
0 |
0 |
|a 005.1
|2 20
|
| 082 |
0 |
0 |
|a 602/.18 s
|2 20
|
| 245 |
0 |
0 |
|a Reference model for frameworks of software engineering environments :
|b technical report ECMA TR/55, 2nd edition /
|c Computer Systems Laboratory, National Institute of Standards and Technology and European Computer Manufacturers Association (EMCA).
|
| 260 |
|
|
|a Gaithersburg, MD :
|b The Institute,
|c 1991.
|
| 300 |
|
|
|a vii, 97 p. ;
|c 28 cm.
|
| 440 |
|
0 |
|a NIST special publication ;
|v 500-201
|
| 500 |
|
|
|a "December 1991."
|
| 504 |
|
|
|a Includes bibliographical references (p. 94-97)
|
| 650 |
|
0 |
|a Software engineering.
|
| 710 |
2 |
|
|a European Computer Manufacturers Association.
|
| 710 |
2 |
|
|a Computer Systems Laboratory (U.S.)
|
| 852 |
8 |
|
|b CARM
|h A1:AP32D0
|i F02141
|p 0377673
|f BK
|
| 999 |
f |
f |
|i 5f718e1d-6124-5ee5-a45f-de82c8b792fa
|s fdf3badc-223e-5a98-b1c4-3136bd5c1e01
|
| 952 |
f |
f |
|p Can circulate
|a CAVAL
|b CAVAL
|c CAVAL
|d CARM 1 Store
|e F02141
|f A1:AP32D0
|h Other scheme
|i book
|m 0377673
|